01949 2200205 4500001002100000005001500021035002000036007000300056008004100059082002300100084002900123100001900152245019200171250001100363260003800374300003200412650002200444520125500466990002201721INLIS00000000000576220260428110255 a0010-0426000047ta260428 0 ind  a338.43-053.6:331.5 a338.43-053.6:331.5 ARY k0 aARYANTI, Vitri1 aKisah Sukses Program YESS Membuka Akses Dunia Kerja Bagi Petani Muda : Yess Programme success stories in opening employment access for young farmers /cVitri Aryanti; Tommy Rizqi Dinihari aCet. 1 aJakarta :bPertanian Press,c2025 axvi, 123 hal.: Ilus.; 25 cm 4aAkses Dunia Kerja aBuku ini mengangkat perjalanan istimewa pemuda pertanian Indonesia yang berani berkembang, berani menembus batas, dan berani membangun usaha dari bawah. Dibawah naungan Program Youth Entrepreneur and Employment Support Services (YESS), yaitu inisiatif kolaboratif antara Kementerian Pertanian dan International Fund for Agricultural Development (IFAD), bukan hanya menyampaikan cerita sukses, YAA juga mengungkap tantangan, kegigihan, dan strategi mereka dalam menjadikan pertanian sebagai pilihan hidup yang membanggakan. Perjalanan menuju Young Ambassador Agriculture (YAA) bukanlah jalan singkat. Mereka melewati serangkaian tahapan seleksi yang menantang, bukan hanya menguji kemampuan, tetapi juga membentuk karakter, hingga akhirnya lahir figur-figur muda yang layak menjadi teladan. Kisah-kisah mereka akan membuka mata Anda bahwa pertanian kini hadir dengan wajah baru penuh peluang. Inilah bukti bahwa tangan-tangan muda mampu menjadikan lahan pertanian sebagai ladang mimpi sekaligus jalan menuju kemandirian. Melalui setiap halaman buku ini, temukan bagaimana para Young Ambassador Agriculture (YAA) menjadi agen perubahan dan role model generasi muda, yang membuktikan bahwa pertanian bukan hanya masa lalu, tetapi masa depan Indonesia. a5134/BPPSDMP/2026